<?xml version="1.0" encoding="UTF-8"?>
<record
    xmlns:xsi="http://www.w3.org/2001/XMLSchema-instance"
    xsi:schemaLocation="http://www.loc.gov/MARC21/slim http://www.loc.gov/standards/marcxml/schema/MARC21slim.xsd"
    xmlns="http://www.loc.gov/MARC21/slim">

  <leader>01090nam a2200265 i 4500</leader>
  <controlfield tag="001">70598</controlfield>
  <controlfield tag="003">ES-MaACL</controlfield>
  <controlfield tag="005">20250824052154.0</controlfield>
  <controlfield tag="007">t|</controlfield>
  <controlfield tag="008">040728s1952    sp           |||| | spa d</controlfield>
  <datafield tag="040" ind1=" " ind2=" ">
    <subfield code="c">ES-MaACL</subfield>
    <subfield code="d">ES-MaACL</subfield>
  </datafield>
  <datafield tag="100" ind1="1" ind2=" ">
    <subfield code="a">Garciasol, Ram&#xF3;n de, </subfield>
    <subfield code="d">1913-1994</subfield>
    <subfield code="e">aut</subfield>
    <subfield code="9">236221</subfield>
  </datafield>
  <datafield tag="245" ind1="1" ind2="0">
    <subfield code="a">Ha nacido un ni&#xF1;o </subfield>
    <subfield code="b">: (estampa radiof&#xF3;nica) / </subfield>
    <subfield code="c">Ram&#xF3;n de Garciasol (seud.).</subfield>
  </datafield>
  <datafield tag="260" ind1=" " ind2=" ">
    <subfield code="a">Madrid : </subfield>
    <subfield code="b">[s.n., </subfield>
    <subfield code="c">1952]. </subfield>
  </datafield>
  <datafield tag="300" ind1=" " ind2=" ">
    <subfield code="a">16 p. ; </subfield>
    <subfield code="c">24 cm.</subfield>
  </datafield>
  <datafield tag="500" ind1=" " ind2=" ">
    <subfield code="a">Es separata de: Anales Cervantinos, t. 2, 1952.</subfield>
  </datafield>
  <datafield tag="655" ind1=" " ind2="0">
    <subfield code="a">Teatro</subfield>
    <subfield code="9">234794</subfield>
  </datafield>
  <datafield tag="852" ind1=" " ind2=" ">
    <subfield code="a">ES-MaACL</subfield>
    <subfield code="j">1622-F-22</subfield>
    <subfield code="9">73236</subfield>
    <subfield code="c">DEPOF</subfield>
  </datafield>
  <datafield tag="852" ind1=" " ind2=" ">
    <subfield code="a">ES-MaACL</subfield>
    <subfield code="j">FOLL-BUE-124</subfield>
    <subfield code="9">203761</subfield>
    <subfield code="c">DEPOF</subfield>
    <subfield code="g">Dedicatoria manuscrita del autor, Ram&#xF3;n de Garciasol, para Antonio Buero Vallejo en p&#xE1;gina 1: "Al gran Antonio Buero, con el abrazo y la vieja amistad de [firma] 1953".</subfield>
    <subfield code="h">Legado: Antonio Buero Vallejo</subfield>
  </datafield>
  <datafield tag="903" ind1=" " ind2=" ">
    <subfield code="9">32421</subfield>
    <subfield code="a">Buero Vallejo, Antonio,</subfield>
    <subfield code="q">1</subfield>
    <subfield code="d">1916-2000</subfield>
    <subfield code="e">dnr</subfield>
  </datafield>
  <datafield tag="942" ind1=" " ind2=" ">
    <subfield code="c">FOLLETOS</subfield>
    <subfield code="n">0</subfield>
  </datafield>
  <datafield tag="999" ind1=" " ind2=" ">
    <subfield code="c">70598</subfield>
    <subfield code="d">70598</subfield>
  </datafield>
  <datafield tag="952" ind1=" " ind2=" ">
    <subfield code="0">0</subfield>
    <subfield code="1">0</subfield>
    <subfield code="4">0</subfield>
    <subfield code="7">0</subfield>
    <subfield code="8">Colecci&#xF3;n_de_folletos</subfield>
    <subfield code="a">ATENEOM</subfield>
    <subfield code="b">ATENEOM</subfield>
    <subfield code="c">DEPOF</subfield>
    <subfield code="d">2008-01-17</subfield>
    <subfield code="e">SC</subfield>
    <subfield code="l">0</subfield>
    <subfield code="o">1622-F-22</subfield>
    <subfield code="p">1073924</subfield>
    <subfield code="r">2023-02-23 00:00:00</subfield>
    <subfield code="w">2023-02-23</subfield>
    <subfield code="y">FOLLETOS</subfield>
  </datafield>
  <datafield tag="952" ind1=" " ind2=" ">
    <subfield code="0">0</subfield>
    <subfield code="1">0</subfield>
    <subfield code="2">udc</subfield>
    <subfield code="4">0</subfield>
    <subfield code="7">0</subfield>
    <subfield code="8">Librosdedicados</subfield>
    <subfield code="a">ATENEOM</subfield>
    <subfield code="b">ATENEOM</subfield>
    <subfield code="c">DEPOF</subfield>
    <subfield code="d">2024-06-21</subfield>
    <subfield code="e">LEGADO</subfield>
    <subfield code="l">0</subfield>
    <subfield code="o">FOLL-BUE-124</subfield>
    <subfield code="p">101228629</subfield>
    <subfield code="r">2024-06-21 00:00:00</subfield>
    <subfield code="y">FOLLETOS</subfield>
    <subfield code="z">Dedicatoria manuscrita del autor, Ram&#xF3;n de Garciasol, para Antonio Buero Vallejo.</subfield>
  </datafield>
</record>
